NHL Player Nicknames - Statistics

General Stats
  • This quiz has been taken 26 times
  • The average score is 13 of 27
Answer Stats
Hint Answer % Correct
Wayne Gretzky The Great One
100%
Maurice Richard The Rocket
96%
Dominik Hasek The Dominator
87%
Jari Kurri Finnish Flash
78%
Teemu Selanne Finnish Flash
78%
Curtis Joseph Cujo
70%
Sidney Crosby The Kid
70%
Pavel Bure The Russian Rocket
70%
Marc Andre Fluery Flower
65%
Gordie Howe Mr. Hockey
65%
Felix Potvin The Cat
65%
Joe Thornton Jumbo Joe
52%
Ed Belfour The Eagle
52%
Connor Mcdavid McJesus
48%
Bobby Hull The Golden Jet
43%
Pavel Datsyuk The Magic Man
43%
Jerome Iginla Iggy
39%
Mark Messier The Moose
39%
Brett Hull The Golden Brett
30%
Brent Gretzky The Other One
30%
Peter Forsberg Foppa
26%
Alexander Ovechkin Ovie
22%
Igor Larionov The Professor
22%
Lorne Worsley Gump
17%
Patrick Roy The Wall
17%
Olaf Kolzig Godzilla
4%
Mario Lemieux The Magnificent One
4%
No matching quizzes found
Score Distribution
Percent of People with Each Score
Percentile by Number Answered
Your Score History
You have not taken this quiz